| 000 | 01495nam a2200337 c 4500 | ||
|---|---|---|---|
| 003 | BLK | ||
| 005 | 20180422100102.0 | ||
| 008 | 180407b bul|||||r ||||||| ||bul|| | ||
| 010 | _aKNG00034912000 | ||
| 020 |
_a954-657-355-8 _bиздат.: Пан |
||
| 040 | _aBLK | ||
| 041 |
_aBUL _cBUL |
||
| 080 |
_aНемска литература _b821.112.2 _x-93-31 _z821.112.2-93-31 |
||
| 100 | 1 |
_aЕнде, Михаел _eпърви автор _9267386 |
|
| 700 | 1 |
_aФилкова, Федя _eпрев. _9366778 |
|
| 700 | 1 |
_aТодорова, Пламена _eхудож. _9366779 |
|
| 139 |
_aЕнде, Михаел _bЕ 63 |
||
| 245 | 1 | 0 |
_aМомо _bИли странната история за времекрадците и за детето, което върна на хората откраднатото време _cМихаел Енде; прев. Федя Филкова; худож. Пламена Тодорова. |
| 250 | _a2. изд. | ||
| 257 | _aDEU | ||
| 260 |
_аСофия _bПан _c2001 _fСофия : Балкан прес |
||
| 300 |
_a285 с. _bс ил. _c20 см |
||
| 380 | _aDX | ||
| 490 | 1 |
_aВечните детски романи _v82 |
|
| 500 | _aОриг. загл. Momo / Michael Ende. - 1. изд. 1982 на Отечество в Библ. Вълшебници. - Съдържа и За книгата и автора. | ||
| 852 | _aЦб 207123 | ||
| 856 | 4 |
_qpdf _u |
|
| 856 | 4 |
_qpdf _u |
|
| 942 |
_cKNG _n0 |
||
| 944 |
_aCR _c15.01.2003 _kЦветанка_Енчева |
||
| 944 |
_aED _c12.01.2004 _k |
||
| 999 |
_c32242 _d32242 |
||